Fr. Conceicao Rodrigues College of Engineering

Applied Mathematics-II (Record no. 32937)

MARC details
000 -LEADER
fixed length control field 00334nam a2200157Ia 4500
082 ## - DEWEY DECIMAL CLASSIFICATION NUMBER
Classification number 519
Item number GOK
100 ## - MAIN ENTRY--PERSONAL NAME
Personal name Gokhale/ M.Y./ N.S. Mujumdar
245 ## - TITLE STATEMENT
Title Applied Mathematics-II
260 ## - PUBLICATION, DISTRIBUTION, ETC.
Name of publisher, distributor, etc. Nirali prakashan
Date of publication, distribution, etc. 1999
300 ## - PHYSICAL DESCRIPTION
Extent 417
490 ## - SERIES STATEMENT
Volume/sequential designation 2
546 ## - LANGUAGE NOTE
Language note ENGLISH
654 ## - SUBJECT ADDED ENTRY--FACETED TOPICAL TERMS
Focus term mathematics II
942 ## - ADDED ENTRY ELEMENTS (KOHA)
Koha item type BOOK
Holdings
Withdrawn status Lost status Damaged status Not for loan Collection Home library Current library Date acquired Total Checkouts Full call number Barcode Date last seen Price effective from Koha item type
        CRC Fr. Agnel's C.Rodrigues College of Engineering Fr. Agnel's C.Rodrigues College of Engineering 17/03/2023   519 GOK 11345 17/03/2023 17/03/2023 BOOK